Rezistencia voči antibiotikám črevnej mikrobioty psov a ich majiteľov

Salvato in:
Dettagli Bibliografici
Autore principale: Baliová, Katarína (Autore)
Altri autori: Bírošová, Lucia (Relatore della tesi)
Natura: Manoscritto Libro
Lingua:slovacco
Pubblicazione: 2019
Soggetti:
Accesso online:http://is.stuba.sk/zp/portal_zp.pl?podrobnosti=136004
Tags: Aggiungi Tag
Nessun Tag, puoi essere il primo ad aggiungerne!!

MARC

LEADER 00000ntm a22000003a 4500
001 stuzp74210
003 SK-STU
005 20190622211534.6
007 ta
008 150427s2015----xo-----f-mn---000-0-slo-d
040 |a STU  |b slo 
041 0 |a slo 
100 1 |a Baliová, Katarína  |u 040270  |4 aut  |U FCHPT Ústav potravinárstva a výživy  |T FCHPT Oddelenie výživy a hodnotenia kvality potravín  |X 86978  |U C0270  |Y 686  |7 86978 
242 0 1 |a Antibiotic Resistance of Intestinal Microbiota of Dogs and Their Owners  |y eng 
245 1 0 |a Rezistencia voči antibiotikám črevnej mikrobioty psov a ich majiteľov 
260 |c 2019 
650 4 |a Rezistencia  |2 slo 
650 4 |a Črevná mikrobiota  |2 slo 
650 4 |a Antibiotikum  |2 slo 
650 4 |a Resistance  |2 eng 
650 4 |a Antibiotic  |2 eng 
650 4 |a Intestinal microbiota  |2 eng 
700 1 |a Bírošová, Lucia  |u 040270  |k Z1  |4 ths  |U FCHPT Ústav potravinárstva a výživy  |T FCHPT Oddelenie výživy a hodnotenia kvality potravín  |X 10260  |U C0270  |Y 686  |7 A000010260 
856 4 |u http://is.stuba.sk/zp/portal_zp.pl?podrobnosti=136004